000 00447nam a2200181Ia 4500
001 16024
005 20260306170239.0
008 260306t2018||||xx |||||||||||||| ||und||
041 _aESP
082 _a346.52
_bP65 T. 2
100 _aPizarro, Ramón Daniel,
_eAUT
245 0 _aTratado de responsabilidad civil
260 _c2018
300 _axxxiii, 748 páginas :
_c23 cm.
650 _aGEN
654 _aCDE
942 _cLIB
_dJUS
_fJUS
_2ddc
_n
999 _c16024
_d16024